000
00344nam a2200145Ia 4500
008
240624s9999 xx 000 0 und d
041
_a
eng
082
_a
005.43 STA
100
_a
STALLINGS WILLIAM
245
_a
OPERATING SYSTEMS
250
_a
(4th ed.)
260
_c
2004
_a
New Delhi
_b
Pearson Education
300
_a
xviii, : 779
365
_c
RS
999
_c
899
_d
899